000 01856nam a2200457Ii 4500
001 DIGUCANT0056
003 NyNyDIG
007 cr |||||||||||
008 220612s2018 sp a ob 000 0 spa d
006 m o d
035 _a(OCoLC)1334421203
040 _aDGITA
_beng
_erda
_epn
_cDGITA
020 _a9788481028256
_qeBook
_qpdf
020 _z9788481028249
050 1 4 _aRG39 ebook
245 0 0 _aPrincipios de medicina materno fetal /
_cJosé Ramón de Miguel Sesmero (Ed.).
264 1 _aSantander, Cantabria (España) :
_bEditorial Universidad Cantabria,
_c2018.
300 _a1 online resource :
_billustrations.
336 _atext
_btxt
_2rdacontent
337 _acomputer
_bc
_2rdamedia
338 _aonline resource
_bcr
_2rdacarrier
347 _atext file
_2rdaft
347 _bPDF
490 1 _aColección manuales ;
_v#73
490 1 _aTextos universitarios ;
_vno. 26.
_aCiencias biomédicas
504 _aIncludes bibliographical references.
588 0 _aOnline resource; title from PDF title page (Digitalia, viewed June 12, 2022)
650 0 _aObstetrics.
650 0 _aPregnancy.
650 0 _aNewborn infants.
655 0 _aElectronic books.
700 1 _aMiguel Sesmero, José Ramón de,
_eeditor.
791 2 _aDigitalia (Firm),
_edistributor.
793 0 _gDigitalia eBook Collection:
_aEdiciones Universidad Cantabria
776 0 8 _iPrint version:
_tPrincipios de medicina materno fetal.
_dSantander, Cantabria (España) : Editorial Universidad Cantabria, 2018
_z9788481028249
830 0 _aColección manuales (Editorial Universidad Cantabria) ;
_v# 73.
830 0 _aTextos universitarios (Editorial Universidad de Cantabria) ;
_vno. 26.
_pCiencias biomédicas.
856 4 0 _3Digitalia Hispánica
_uhttps://www.digitaliapublishing.com/a/56289/
910 _aPremium collection: 2022
942 _cRAA
999 _c254681
_d254681